000 00324nam a2200133Ia 4500
005 20251222140028.0
008 251222s1900||||xx |||||||||||||| ||spa||
020 _a2-911127-31-5
082 _a109.044/S51
100 _aSichére, Bernard
245 0 _aCinquante Ans de Philosophie Française
264 _bADPF
942 _cLIB
999 _c2861
_d2861